00622nam a2200205uu 4500001000800000005001700008008004100025020001500066035001200081035002100093040001300114041000800127082000800135100003800143245002500181260003700206300001700243505008200260651007400342120515920260508065910.0100624e19920624 spa  a9583000531 a1205159 a(OCoLC)777050927 ccomduadb aspa 4a98010aTorres Sanabria, Camilo4auteaut10aMemorial de agravios aBogotá :bPanamericana,c1992. a72 páginas80tCarta de Jamaica : 6 de septiembre de 1815 : 200 años de vigencia y memoria 7aAmérica LatinaxHistoriayGuerras de independencia, 1806-18302lemb